technical of small scale broiler chicken raising in tompor village tropaeng kor commune cheurng prey district kompongcham province បច្ចេកទេសនៃការចិញ្ចឺមមាន់សាច់ខ្នាតតូចនៅភូមិទម្ពរ ឃុំត្រពាំងគរ ស្រុកជើងពៃ ខេត្តកំពង់ចាម (Record no. 18082)

000 -LEADER
fixed length control field 00759nam a22001337a 4500
040 ## - CATALOGING SOURCE
Transcribing agency RUA
082 ## - DEWEY DECIMAL CLASSIFICATION NUMBER
Classification number GRS HEN 2017 B641 Or.1
100 ## - MAIN ENTRY--AUTHOR NAME
Personal name HENG BORA ហេង បូរ៉ា
245 ## - TITLE STATEMENT
Title technical of small scale broiler chicken raising in tompor village tropaeng kor commune cheurng prey district kompongcham province បច្ចេកទេសនៃការចិញ្ចឺមមាន់សាច់ខ្នាតតូចនៅភូមិទម្ពរ ឃុំត្រពាំងគរ ស្រុកជើងពៃ ខេត្តកំពង់ចាម
260 ## - PUBLICATION, DISTRIBUTION, ETC. (IMPRINT)
Place of publication RUA
Name of publisher phnom penh
Year of publication 2017
300 ## - PHYSICAL DESCRIPTION
Number of Pages vii;23p
Other physical details ill;
Dimensions 29cm
856 ## - ELECTRONIC LOCATION AND ACCESS
Uniform Resource Identifier https://drive.google.com/file/d/1eRCO1qn5evO_fi1BOeumoRWFp88ZMIhy/view?usp=sharing
942 ## - ADDED ENTRY ELEMENTS (KOHA)
Koha item type GRS
952 ## - LOCATION AND ITEM INFORMATION (KOHA)
Withdrawn status [LOCAL, KOHA] 0
952 ## - LOCATION AND ITEM INFORMATION (KOHA)
Withdrawn status [LOCAL, KOHA] 0
952 ## - LOCATION AND ITEM INFORMATION (KOHA)
Withdrawn status [LOCAL, KOHA] 0
952 ## - LOCATION AND ITEM INFORMATION (KOHA)
Withdrawn status [LOCAL, KOHA] 0
952 ## - LOCATION AND ITEM INFORMATION (KOHA)
Withdrawn status [LOCAL, KOHA] 0
952 ## - LOCATION AND ITEM INFORMATION (KOHA)
Withdrawn status [LOCAL, KOHA] 0
952 ## - LOCATION AND ITEM INFORMATION (KOHA)
Withdrawn status [LOCAL, KOHA] 0
Holdings
Permanent Location Date acquired Koha item type Lost status Shelving location Barcode Current Location Full call number
Library Block B2019-07-26GRS B641A30239Library Block BGRS HEN 2017 B641 Or.1
Library Block B2019-07-26GRS B641A30144Library Block BGRS HEN 2017 B641 Or.2
Library Block B2019-07-26GRS B641A32146Library Block BGRS HEN 2017 B641 Or.3
Library Block B2019-07-26GRS B641A30069Library Block BGRS HEN 2017 B641 Or.4
Library Block B2019-07-26GRS B641A29421Library Block BGRS HEN 2017 B641 Or.5
Library Block B2019-07-26GRS B641A29994Library Block BGRS HEN 2017 B641 Or.6
Library Block B2019-07-26GRS B641A29496Library Block BGRS HEN 2017 B641 Or.7
មជ្ឈមណ្ឌលឯការនៃសាកលវិទ្យាល័យភូមិន្ទកសិកម្មចំការដូង

Powered by Koha